الجبائيان : (Record no. 14201)
[ view plain ]
| 000 -LEADER | |
|---|---|
| fixed length control field | 00721nam a22001577a 4500 |
| 008 - FIXED-LENGTH DATA ELEMENTS--GENERAL INFORMATION | |
| fixed length control field | 100623t xxu||||| |||| 00| 0 eng d |
| 082 ## - DEWEY DECIMAL CLASSIFICATION NUMBER | |
| Edition number | 22 |
| Item number | خ ش ي |
| Classification number | 246 |
| 100 1# - MAIN ENTRY--PERSONAL NAME | |
| 9 (RLIN) | 15141 |
| Personal name | خشيم، علي فهمي |
| 245 ## - TITLE STATEMENT | |
| Title | الجبائيان : |
| Remainder of title | أبو علي و أبو هاشم / |
| Statement of responsibility, etc | علي فهمي خشيم. |
| 260 ## - PUBLICATION, DISTRIBUTION, ETC. (IMPRINT) | |
| Place of publication, distribution, etc | [د. م.] |
| Name of publisher, distributor, etc | [د. ن.]، |
| Date of publication, distribution, etc | 1968. |
| 300 ## - PHYSICAL DESCRIPTION | |
| Extent | 418 ص : |
| Dimensions | 24 سم. |
| 504 ## - BIBLIOGRAPHY, ETC. NOTE | |
| Bibliography, etc | يحتوي علي فهارس وارجاعات ببليوجرافية . |
| 650 ## - SUBJECT ADDED ENTRY--TOPICAL TERM | |
| 9 (RLIN) | 15268 |
| Topical term or geographic name as entry element | محمد، أبو هاشم عبد السلام بن ابي علي |
| 650 ## - SUBJECT ADDED ENTRY--TOPICAL TERM | |
| 9 (RLIN) | 15269 |
| Topical term or geographic name as entry element | بن أبان، أبو علي الجبائي محمد بن عبد الوهاب بن سلام بن خالد بن حمران |
| 942 ## - ADDED ENTRY ELEMENTS (KOHA) | |
| Source of classification or shelving scheme | Dewey Decimal Classification |
| Item type | Book - Borrowing |
| Withdrawn status | Item status | Source of classification or shelving scheme | Damaged status | Not for loan | Vendor | Home library | Current library | Shelving location | Date acquired | Source of acquisition | Total Checkouts | Full call number | Barcode | Date last seen | Koha item type |
|---|---|---|---|---|---|---|---|---|---|---|---|---|---|---|---|
| Dewey Decimal Classification | Baccah | Central Library | Central Library | Lower Floor | 24/06/2010 | 246 خشي | 000021091 | 15/07/2025 | Book - Borrowing |